Study guide Parkin economics

Gardado en:
Detalles Bibliográficos
Autor Principal: Spencer, David E .
Formato: Libro
Idioma:Undetermined
Publicado: Reading, Massachusetts Addison-Wesley 1990
Những chủ đề:
Các nhãn: Engadir etiqueta
Sen Etiquetas, Sexa o primeiro en etiquetar este rexistro!
Thư viện lưu trữ: Trung tâm Học liệu Trường Đại học Cần Thơ
LEADER 00509nam a2200193Ia 4500
001 CTU_43271
008 210402s9999 xx 000 0 und d
082 |a 330 
082 |b S745 
100 |a Spencer, David E . 
245 0 |a Study guide Parkin economics 
245 0 |c David E. Spencer 
260 |a Reading, Massachusetts 
260 |b Addison-Wesley 
260 |c 1990 
650 |a Economics 
650 |x Study an 
904 |i Minh, 010904 
980 |a Trung tâm Học liệu Trường Đại học Cần Thơ